| 000 | 01721nam a2200517 i 4500 | ||
|---|---|---|---|
| 001 | 17633 | ||
| 003 | KOSZ 005 | ||
| 005 | 20230208113114.0 | ||
| 008 | 020718s1977 pl a |001 0 pol | ||
| 015 | _aUWD 1978/3787 | ||
| 035 | _a991018996759705066 | ||
| 035 | _a(PL-WaBN)b15146091-48omnis_nlop | ||
| 035 | _ab15146091 | ||
| 035 | _a(OCoLC)749649174 | ||
| 035 | _acc97210821 | ||
| 035 | _a(PL)b0000001514609 | ||
| 035 | _a(EXLNZ-48OMNIS_NETWORK)9910484088505606 | ||
| 040 |
_aWA N _cWA N _dKOSZ 005/HR |
||
| 041 | 1 | _apol | |
| 046 | _k1972 | ||
| 080 | _a005.31 | ||
| 080 | _a519.8 | ||
| 245 | 0 | 0 |
_aBadania operacyjne : _bmetody i przykłady / _cpod red. G. H. Mitchella ; z ang. tł. Jacek Kochanowicz. |
| 260 |
_aWarszawa : _bWydawnictwa Naukowo-Techniczne, _c1977. |
||
| 300 |
_a297, [3] s. : _bil. tab. wykr. ; _c24 cm. |
||
| 336 |
_aTekst _btxt _2rdacontent |
||
| 337 |
_aBez urządzenia pośredniczącego _bn _2rdamedia |
||
| 338 |
_aWolumin _bnc _2rdacarrier |
||
| 380 | _aKsiążki | ||
| 388 | _a1901-2000 | ||
| 388 | _a1945-1989 | ||
| 504 | _aBibliogr. przy rozdz. - Indeks. | ||
| 650 | 7 |
_aBadania operacyjne _2DBN |
|
| 650 | 7 | _aProgramowanie dynamiczne | |
| 650 | 7 | _aSymulacja | |
| 650 | 7 | _aTeoria decyzji | |
| 650 | 7 | _aTeoria gier | |
| 658 | _aMatematyka | ||
| 658 | _aZarządzanie i marketing | ||
| 700 | 1 |
_aKochanowicz, Jacek _d(1946-2014) _eTłumaczenie |
|
| 700 | 1 |
_aMitchell, George Henry _eRedakcja |
|
| 710 | 2 |
_aWydawnictwa Naukowo-Techniczne _4pbl |
|
| 856 |
_uhttp://koha.tu.koszalin.pl/cgi-bin/koha/opac-detail.pl?biblionumber=17633 _yKatalog online BPK |
||
| 942 |
_2UKD _cKS |
||
| 999 |
_c17633 _d17633 |
||